=LDR 00000nam 2200000 4500 =001 INLIS000000000029026 =005 20130612131305 =008 ***********************************Ind** =035 ##$$0010-061300000029026 =041 ##$$a Ind =082 ##$$a 297.4 =090 ##$$a 297.4, Ass m =100 ##$$a As-Subky, Ali Yusuf =245 ##$$a Membangun surga dalam keluarga, Dr. Ali Yusuf As-Subky =260 ##$$a 2005 $b Jakarta =300 ##$$a 353 hlm, 21 cm =650 ##$$a Agama islam =850 ##$$a NBPNMAT